| 000 | 00363nam a2200145Ia 4500 | ||
|---|---|---|---|
| 008 | 221030s9999 xx 000 0 und d | ||
| 041 | _aEnglish | ||
| 082 |
_a105.23 _bECA |
||
| 100 | _aECA / BPB | ||
| 245 | 0 |
_aUp- To- Date CMOS 4000 Data & Comparison Tables _cby ECA / BPB |
|
| 260 |
_bBPB Pub _aNew Delhi _c1992 |
||
| 300 | _a3.18 | ||
| 650 | _aECE | ||
| 942 | _cBK | ||
| 999 |
_c8419 _d8419 |
||